书目信息 |
| 题名: |
大学英语全新版综合教程 4
|
|
| 作者: | 邱东林 主编 | |
| 分册: | 4 学生自学辅导 | |
| 出版信息: | 上海 上海外语教育出版社 2004.05 |
|
| 页数: | 319 | |
| 开本: | 24cm | |
| 丛书名: | 大学英语系列教材 | |
| 单 册: | ||
| 中图分类: | H319.6 | |
| 科图分类: | ||
| 主题词: | 英语--高等学校--习题 | |
| 电子资源: | ||
| ISBN: | 7-81095-139-4 | |
| 000 | 00942nam2 2200277 45 | |
| 001 | 012004000000 | |
| 005 | 20050628094243.15 | |
| 010 | @a7-81095-139-4@dCNY 14.00 | |
| 100 | @a20041009d2004 em y0chiy0121 ea | |
| 101 | 0 | @achi@aeng |
| 102 | @aCN@b310000 | |
| 105 | @aa z 000yy | |
| 200 | 1 | @a大学英语全新版综合教程 4@Ada xue ying yu quan xin ban zong he jiao cheng 4@dCollege English integrated course@i学生自学辅导@h4@f邱东林主编@zeng |
| 210 | @a上海@c上海外语教育出版社@d2004.05 | |
| 215 | @a319@c图表@d24cm | |
| 225 | 2 | @a大学英语系列教材 |
| 300 | @a普通高等教育“十五”国家级规划教材 教育部推荐使用大学外语类教材 | |
| 320 | @a本书含附录 | |
| 410 | 0 | @12001 @a大学英语系列教材 |
| 510 | 1 | @aCollege English integrated course@zeng |
| 517 | 1 | @a学生自学辅导 |
| 606 | 0 | @a英语@x高等学校@j习题 |
| 690 | @aH319.6@v4 | |
| 701 | 0 | @a邱东林@Aqiu dong lin@4主编 |
| 801 | 0 | @aCN@bQSSKt@c20050628 |
| 905 | @a10447@dH319.6@eQ710 | |
| 大学英语全新版综合教程 4=College English integrated course.学生自学辅导.4/邱东林主编.-上海:上海外语教育出版社,2004.05 |
| 319:图表;24cm.-(大学英语系列教材) |
| 普通高等教育“十五”国家级规划教材 教育部推荐使用大学外语类教材 |
| ISBN 7-81095-139-4:CNY 14.00 |
| ● |
| 相关链接 |
|
|
|
正题名:大学英语全新版综合教程 4
索取号:H319.6/Q710
 
预约/预借
| 序号 | 登录号 | 条形码 | 馆藏地/架位号 | 状态 | 备注 |
| 1 | 428255 | 204282551 | 社科二线400B/400B社科库 10排4列1层/ [索取号:H319.6/Q710] | 在馆 | |
| 2 | 428256 | 204282560 | 社科二线400B/400B社科库 7排4列1层/ [索取号:H319.6/Q710] | 在馆 | |
| 3 | 428257 | 204282579 | 社科二线400B/400B社科库 10排4列1层/ [索取号:H319.6/Q710] | 在馆 | |
| 4 | 428258 | 204282588 | 社科二线400B/400B社科库 7排1列2层/ [索取号:H319.6/Q710] | 在馆 | |
| 5 | 428259 | 204282597 | 社科二线400B/400B社科库 7排3列1层/ [索取号:H319.6/Q710] | 在馆 | |
| 6 | 521798 | 205217987 | 社科二线400B/400B社科库 8排3列2层/ [索取号:H319.6/Q710] | 在馆 | |
| 7 | 521799 | 205217996 | 社科二线400B/400B社科库 10排4列1层/ [索取号:H319.6/Q710] | 在馆 | |
| 8 | 521800 | 205218003 | 社科二线400B/400B社科库 7排3列1层/ [索取号:H319.6/Q710] | 在馆 | |
| 9 | 521801 | 205218012 | 社科二线400B/400B社科库 10排4列1层/ [索取号:H319.6/Q710] | 在馆 | |
| 10 | 521802 | 205218021 | 社科二线400B/400B社科库 8排3列2层/ [索取号:H319.6/Q710] | 在馆 |